Представление документа в формате RUSMARC

ПолеНазваниеЗначение
  Тип записи c
  Библиографический уровень m
001 Контрольный номер RU/SLIB/B/208754815
005 Дата корректировки 20201206204148.2
010 Индекс ISBN __
d Цена 1-20
101 Язык документа 0_
a Язык текста rus
200 Заглавие и сведения об ответственности 1_
a Заглавие Арам Ильич Хачатурян: Очерк жизни и творчества
f Первые сведения об ответственности Тигранов Г. Г.
b Общее обозначение материала Ноты
210 Выходные данные __
a Место издания Л.
c Издательство Музыка
d Дата издания 1978
215 Физическое описание __
a Объем 191 с.
c Иллюстрации/тип воспроизводства ил., нот. ил., портр.
330 Аннотация __
a Аннотация В книге прослеживается жизненный и творческий путь одного из крупнейших музыкантов современности, выдающегося советского композитора А. И. Хачатуряна (1903-1978).
600 Персоналии __
a Персоналии (Фамилия) Хачатурян, А. И.
c Дополнение к имени композитор советский
f Даты 1903-1978
g Полное имя Арам Ильич
606 Тематические рубрики __
a Основная рубрика Музыка и зрелищные искусства
z Хронологическая подрубрика 20 в.
y Географическая подрубрика Россия
606 Тематические рубрики __
a Основная рубрика История музыки
610 Ключевые слова __
a Ключевые слова композиторы; музыкальное творчество; музыканты; персоналии; музыкальные произведения; советская музыка
a Ключевые слова советские композиторы
686 Индексы других классификаций __
a Классификационный индекс 85.313(2)6-8
700 Автор _1
a Фамилия Тигранов
b Имя Г. Г.
4 Код отношения 070
801 Источник записи _0
a Страна RU
b Организация Муниципальное бюджетное учреждение культуры "Централизованная библиотечная система" г. Сургут (Центральная городская библиотека им. А. С. Пушкина)
g Правила каталогизации КиК/Уланова
801 Источник записи _1
a Страна RU
b Организация Муниципальное бюджетное учреждение культуры "Централизованная библиотечная система" г. Сургут (Центральная городская библиотека им. А. С. Пушкина)
g Правила каталогизации КиК/Уланова
852 Данные о местонахождении __
j Шифр хранения 85.313(2)6-8
c Каталожный индекс 85.313(2)6-8
i Авторский знак Т 39
p Инвентарный номер 114644(с), 114255(с), 114214(с), 114694(с)
901 Тип документа __
t Тип документа m
990 Данные о заказе (DOS) __
j Количество экземпляров (DOS) 4